000 00516nam a2200193 a 4500
001 23650
003 CO-ViMGA
008 141112s2004 ck r 000 u spa d
020 _a9789583028977
040 _aCO-ViMGA
_bspa
_cCO-ViMGA
082 0 4 _aNOGm
100 1 _aNoguera Arrieta, Liusa
_934177
245 1 0 _aMonstruos en mi almohada /
_cLuisa Noguera Arrrieta
260 _aColombia :
_bpanAméricana
300 _a60p.
490 _aCorcel
650 1 4 _aCUENTOS INFANTILES COLOMBIANOS
_92369
942 _2ddc
_cBK
999 _c31759
_d31759